000 00836nam a22002897a 4500
001 BR7404051
003 BR-BrBNA
005 20230928084559.0
007 ta
008 230509b bl.||||| |||| 00| 0 por d
040 _aBR-BrBNA
_bpor
_cBiblioteca Nacional de Agricultura
041 _a(Por)
072 _aE30; E50; S00
_b9000
_b/G514
090 _ 9000 BR7404051
110 1 _aInstituto Nacional de Alimentacao e Nutricao, Brasilia, DF (Brasil)
_96395
245 1 _aProjeto ACAL [Atividade Comunitaria e Alimentacao; Brasil]
260 3 _aBrasilia, DF (Brasil):
_c1973.
300 _a81 p.
500 _a28 ref.
650 _aALIMENTO
650 _aSUPRIMENTO DE ALIMENTO
650 _aCUSTO
650 _aRENDA FAMILIAR
650 _aPROJETO DE DESENVOLVIMENTO
909 _a202309
_bLucia
_c55
_dLucia Elande
942 _cBK
999 _c19887
_d19887